[Event "Almansa op-B 14th"]
[Site "Almansa"]
[Date "2019.08.07"]
[Round "1"]
[White "Monteblanco Pinero, Raul"]
[Black "Martinez Sanchez, Gregorio"]
[Result "0-1"]
[WhiteElo "1510"]
[BlackElo "1979"]
[PlyCount "60"]
[EventDate "2019.08.07"]
[EventType "swiss"]
[EventRounds "7"]
[EventCountry "ESP"]
[SourceTitle "EXT 2022"]
[Source "ChessBase"]
[SourceDate "2021.10.06"]
[SourceVersion "1"]
[SourceVersionDate "2021.10.06"]
[SourceQuality "1"]

1. c4 e5 2. Nc3 Nf6 3. g3 d5 4. Bg2 d4 5. Ne4 Be7 6. d3 Nbd7 7. Nf3 Nxe4 8. dxe4 0-0 9. e3 c5 10. 0-0 Qc7 11. Qc2 b6 12. Ne1 Bb7 13. f4 Rac8 14. b3 Bd6 15. Nd3 Nf6 16. exd4 cxd4 17. Qe2 Rfe8 18. Bb2 exf4 19. Nxf4 Nxe4 20. Bxd4 Bc5 21. Qb2 Rcd8 22. Rad1 Rxd4 23. Rxd4 Rd8 24. Rfd1 Qe5 25. Ne2 Qf6 26. Bxe4 Bxe4 27. Qc3 Qf3 28. Qxf3 Bxf3 29. Kf1 Bxe2+ 30. Kxe2 Rxd4 0-1

[Event "Castilla La Mancha Region U14"]
[Site "Horche"]
[Date "2015.03.28"]
[Round "2.4"]
[White "Martinez Sanchez, Jorge"]
[Black "Monteblanco Pinero, Raul"]
[Result "1-0"]
[WhiteElo "1448"]
[BlackElo "1218"]
[PlyCount "111"]
[EventDate "2015.03.27"]
[EventType "swiss"]
[EventRounds "6"]
[EventCountry "ESP"]
[SourceTitle "EXT 2024"]
[Source "ChessBase"]
[SourceDate "2023.10.10"]
[SourceVersion "1"]
[SourceVersionDate "2023.10.10"]
[SourceQuality "1"]

1. e4 d6 2. d4 Nf6 3. Nc3 g6 4. f4 Bg7 5. Nf3 0-0 6. Bc4 c6 7. 0-0 b5 8. Bd3 Bb7 9. Qe1 Qb6 10. Be3 Ng4 11. Rd1 Nd7 12. h3 Nxe3 13. Qxe3 a6 14. e5 c5 15. dxc5 Qxc5 16. Qxc5 dxc5 17. Bxg6 fxg6 18. Rxd7 Bxf3 19. Rxf3 e6 20. Ne4 c4 21. Ng5 Rfe8 22. Rd6 Ra7 23. Nxe6 a5 24. Nxg7 Kxg7 25. Rb6 b4 26. Rc6 Ree7 27. Rxc4 Rac7 28. Rxc7 Rxc7 29. c3 Rc4 30. cxb4 axb4 31. Rf2 Kf7 32. g4 h6 33. f5 Re4 34. fxg6+ Kxg6 35. Rf6+ Kg5 36. Rf5+ Kg6 37. Kf2 Rc4 38. e6 Re4 39. Rb5 Kf6 40. Rb6 Kg5 41. e7 Rxe7 42. Rxb4 Kh4 43. Rd4 Rc7 44. Ke3 Kxh3 45. Kd3 Rc6 46. a4 Rb6 47. a5 Rf6 48. b4 Rf3+ 49. Kc4 Ra3 50. Kb5 Kg3 51. Kb6 Kf3 52. Kb7 Ke3 53. Rd6 Rb3 54. Rb6 Kd4 55. a6 Rf3 56. a7 1-0